| 000 | 02276nam a22005297a 4500 | ||
|---|---|---|---|
| 003 | CHAP | ||
| 005 | 20220817042037.0 | ||
| 008 | 971013s1973 r 00010 d | ||
| 010 | _a32873 | ||
| 011 | _a33845 | ||
| 035 | _a37961 | ||
| 040 | _cCHAP | ||
| 082 |
_a664.82 _bL6 |
||
| 100 | 0 | 0 |
_aLópez Rubio, Armando Magdaleno. _968314 |
| 245 |
_aTecnología de frutas y hortalizas _b: serie de prácticas de conservación de alimentos |
||
| 260 |
_aChapingo, Méx. : _bDepartamento de Industrias Agrícolas, _c1973 |
||
| 300 | _a77 h. | ||
| 590 |
_aBATCH-UPD _b10 _c20130110 _lUCH01 _h1932 |
||
| 590 |
_aBATCH-UPD _b10 _c20130410 _lUCH01 _h1256 |
||
| 590 |
_aBATCH-UPD _b10 _c20130914 _lUCH01 _h1446 |
||
| 590 |
_aCONVERSION _b10 _c20130109 _lUCH01 _h1318 |
||
| 650 | 1 | 4 |
_aFruta _xPreservación. _943652 |
| 650 | 1 | 4 |
_aFruta _xProcesado. _943653 |
| 650 | 1 | 4 |
_aLegumbres _xPreservación. _965774 |
| 650 | 1 | 4 |
_aLegumbres _xProcesado. _965775 |
| 710 | 0 | _aENA. Departamento de Industrias Agrícolas. | |
| 901 | _aBK | ||
| 942 | _cLIBRO | ||
| 949 |
_a664.82 L6 _bBC _cBPA _d-93414 _eBPA _fc.7 _i37961 _mD _si |
||
| 949 |
_a664.82 L6 _bBC _cBPA _d-93415 _eBPA _fc.8 _i37961 _mD _si |
||
| 949 |
_a664.82 L6 _bBC _cBPA _d-93416 _eBPA _fc.9 _i37961 _mD _si |
||
| 949 |
_a664.82 L6 _bBC _cBPA _d-93417 _eBPA _fc.10 _i37961 _mD _si |
||
| 949 |
_a664.82 L6 _bBC _cBPA _d-93419 _eBPA _fc.12 _i37961 _mD _si |
||
| 949 |
_a664.82 L6 _bBC _cBPA _d-93420 _eBPA _fc.13 _i37961 _mD _si |
||
| 949 |
_a664.82 L6 _bBC _cBPA _d-93421 _eBPA _fc.14 _i37961 _mD _si |
||
| 949 |
_a664.82 L6 _bBC _cBPA _d-93422 _eBPA _fc.15 _i37961 _mD _si |
||
| 949 |
_a664.82 L6 _bBC _cBPA _d-93423 _eBPA _fc.16 _i37961 _mD _si |
||
| 949 |
_a664.82 L6 _bBC _cBPA _d-93424 _eBPA _fc.17 _i37961 _mD _si |
||
| 949 |
_a664.82 L6 _bBC _cBPA _d-93425 _eBPA _fc.18 _i37961 _mD _si |
||
| 949 |
_a664.82 L6 _bBC _cBPA _d-93426 _eBPA _fc.19 _i37961 _mD _si |
||
| 949 |
_a664.82 L6 _bBC _cLIBRO _d33724000137055 _eLIBRO _fc.3 _i37961 _mD _si |
||
| 949 |
_a664.82 L6 _bBC _cLIBRO _d33724000137063 _eLIBRO _fc.5 _i37961 _mD _si |
||
| 949 |
_a664.82 L6 _bBC _cLIBRO _d33724000137071 _eLIBRO _fc.4 _i37961 _mD _si |
||
| 949 |
_a664.82 L6 _bBC _cLIBRO _d33724000137279 _eLIBRO _i37961 _si |
||
| 949 |
_a664.82 L6 _bBC _cLIBRO _d33724000137287 _eLIBRO _fc.2 _i37961 _mD _si |
||
| 949 |
_a664.82 L6 _bBC _cUACH _d-93418 _eUACH _fc.11 _i37961 _mD _si |
||
| 999 |
_c32873 _d32873 |
||